Countries of Asia with a bad map - Statistics

General Stats
  • This quiz has been taken 23 times
  • The average score is 46 of 48
Answers on the Map
Answers color-coded by a green-red scale on the quiz's map according to % correct below.
 
Answer Stats
Country % Correct
Afghanistan
100%
Bhutan
100%
China
100%
East Timor
100%
India
100%
Indonesia
100%
Japan
100%
Kazakhstan
100%
Kyrgyzstan
100%
Laos
100%
Malaysia
100%
Mongolia
100%
Myanmar
100%
Nepal
100%
North Korea
100%
Oman
100%
Pakistan
100%
Philippines
100%
Saudi Arabia
100%
South Korea
100%
Thailand
100%
Uzbekistan
100%
Armenia
94%
Azerbaijan
94%
Bangladesh
94%
Cyprus
94%
Georgia
94%
Iraq
94%
Israel
94%
Jordan
94%
Maldives
94%
Singapore
94%
Sri Lanka
94%
Syria
94%
Taiwan
94%
Tajikistan
94%
Turkey
94%
Turkmenistan
94%
United Arab Emirates
94%
Vietnam
94%
Yemen
94%
Bahrain
88%
Brunei
88%
Cambodia
88%
Iran
88%
Kuwait
88%
Lebanon
88%
Qatar
88%
No matching quizzes found
Score Distribution
Percent of People with Each Score
Percentile by Number Answered
Your Score History
You have not taken this quiz